000 00718cam a22001814a 4500
005 20250605164343.0
008 250528s ||||||||||||||||||||||||d
035 _a23685
040 _aGR-AtMCL
_bgre
_dGR-AtMCL
_eAACR2
245 1 _aWhat Satisfies and Motivates Skilled Workers?/The Case of a Small Car Accessory Shop
260 _c2008
300 _a74
520 _aDissertation Certification, Abstract, Acknowledgements, Introduction, Literature Review, Methodology, Analysis and Results, Conclusions, Reflections and Self Development, Appendixes, References, Bibliography, List of Figures, List of Tables.
700 1 _aKozdine Alexandra-Elarda
_99263
942 _cDS
999 _c8665
_d8665